<?xml version="1.0" encoding="UTF-8"?>
<marc:record xmlns:marc="http://www.loc.gov/MARC21/slim">
   <marc:leader>00000nam a2200000 a 4500</marc:leader>
   <marc:datafield ind1="1" ind2=" " tag="100">
      <marc:subfield code="a">Pawloff, Aleksandra</marc:subfield>
      <marc:subfield code="4">aut</marc:subfield>
      <marc:subfield code="e">Verfasser/-in</marc:subfield>
   </marc:datafield>
   <marc:datafield ind1="0" ind2="0" tag="245">
      <marc:subfield code="a">Selbstbewusst</marc:subfield>
   </marc:datafield>
   <marc:datafield ind1="0" ind2="0" tag="245">
      <marc:subfield code="b">Frauen die ihren Weg gehen</marc:subfield>
   </marc:datafield>
   <marc:datafield ind1="0" ind2="0" tag="245">
      <marc:subfield code="c">Aleksandra Pawloff</marc:subfield>
   </marc:datafield>
   <marc:datafield ind1=" " ind2="1" tag="264">
      <marc:subfield code="a">Wien</marc:subfield>
      <marc:subfield code="b">Metroverl.</marc:subfield>
      <marc:subfield code="c">2013</marc:subfield>
   </marc:datafield>
   <marc:datafield ind1="1" ind2=" " tag="520">
      <marc:subfield code="a">Die Autorin und Fotografin Aleksandra Pawloff porträtiert in ihrem Buch 60 Frauen, die ihren eigenen Weg gesucht und gefunden haben. Es sind dynamische Momentaufnahmen in Bild und Text, die Einblicke in die Gedankenwelt starker Frauen gewähren. "Was hat Sie geprägt?" und: "Was, glauben Sie, wäre anders gewesen, wenn Sie als Bub auf die Welt gekommen wären?" Das sind die zwei essentiellen Fragen, die Aleksandra Pawloff den von ihr porträtierten Frauen gestellt hat.Fragen, die Lebensstationen festmachen, Erlebnisse, Brüche und Vorbilder offenlegen. Fragen, die nachvollziehbar machen, warum die Dichterin Friederike Mayröcker, die Flüchtlingshelferin Ute Bock, die Fotografin Elfie Semotan, die Gastwirtin Maria Strutz, die Schauspielerin Maria Hofstätter, die Bäckerin Hermine Wiegele, die Künstlerin Valie Export, die Altenpflegerin Elishama Somefun und viele andere Frauen, zu dem wurden was sie sind: außergewöhnlich!</marc:subfield>
   </marc:datafield>
   <marc:datafield ind1=" " ind2=" " tag="020">
      <marc:subfield code="a">9783993001094</marc:subfield>
      <marc:subfield code="9">9783993001094</marc:subfield>
   </marc:datafield>
   <marc:datafield ind1=" " ind2=" " tag="041">
      <marc:subfield code="a">ger</marc:subfield>
   </marc:datafield>
   <marc:datafield ind1=" " ind2=" " tag="300">
      <marc:subfield code="a">127 S.</marc:subfield>
   </marc:datafield>
</marc:record>
